La Grecia de nadie : (Registro nro. 63208)
[ vista simple ]
| 000 -LEADER | |
|---|---|
| fixed length control field | 01014cam a2200277 i 4500 |
| 001 - CONTROL NUMBER | |
| control field | 63208 |
| 005 - DATE AND TIME OF LATEST TRANSACTION | |
| control field | 20180714065534.0 |
| 008 - FIXED-LENGTH DATA ELEMENTS--GENERAL INFORMATION | |
| fixed length control field | 150711s1999 mx r 000 0 spa d |
| 020 ## - INTERNATIONAL STANDARD BOOK NUMBER | |
| International Standard Book Number | 9682322057 |
| 040 ## - CATALOGING SOURCE | |
| Original cataloging agency | MX-PuUPA |
| Language of cataloging | spa |
| Description conventions | rda |
| Transcribing agency | Mx-PuUPA |
| Modifying agency | Mx-PuUPA |
| 041 0# - LANGUAGE CODE | |
| Language code of text/sound track or separate title | spa, |
| -- | fre |
| 082 0# - DEWEY DECIMAL CLASSIFICATION NUMBER | |
| Classification number | 180 |
| Item number | BOL |
| 100 1# - MAIN ENTRY--PERSONAL NAME | |
| Personal name | Bollack, Jean, |
| Relator term | autor |
| 240 10 - UNIFORM TITLE | |
| Uniform title | La grèce de personne. Les mots sous le mythe. |
| Language of a work | Español |
| 245 13 - TITLE STATEMENT | |
| Title | La Grecia de nadie : |
| Remainder of title | las palabras dentro del mito / |
| Statement of responsibility, etc. | por Jean Bollack ; traducción de Glenn Gallardo Jordán. |
| 250 ## - EDITION STATEMENT | |
| Edition statement | Primera edición |
| 264 #1 - PRODUCTION, PUBLICATION, DISTRIBUTION, MANUFACTURE, AND COPYRIGHT NOTICE | |
| Place of production, publication, distribution, manufacture | México, D.F. : |
| Name of producer, publisher, distributor, manufacturer | Siglo xxi Editores, |
| Date of production, publication, distribution, manufacture, or copyright notice | 1999 |
| 300 ## - PHYSICAL DESCRIPTION | |
| Extent | 469 páginas ; |
| Dimensions | 21 cm. |
| 336 ## - CONTENT TYPE | |
| Content type term | texto |
| Source | rdacontent |
| 337 ## - MEDIA TYPE | |
| Media type term | sin mediación |
| Source | rdamedia |
| 338 ## - CARRIER TYPE | |
| Carrier type term | volumen |
| Source | rdacarrier |
| 490 0# - SERIES STATEMENT | |
| Series statement | Filosofía |
| 650 #4 - SUBJECT ADDED ENTRY--TOPICAL TERM | |
| Topical term or geographic name entry element | Hermenéutica |
| General subdivision | Historia |
| Chronological subdivision | Siglo XX |
| 700 1# - ADDED ENTRY--PERSONAL NAME | |
| Personal name | Gallardo Jordán, Glenn, |
| Relator term | tradutor |
| 700 1# - ADDED ENTRY--PERSONAL NAME | |
| Relationship information | Traducción de: |
| Personal name | Bollack, Jean, |
| Title of a work | La grèce de personne. Les mots sous le mythe. |
| Withdrawn status | Lost status | Source of classification or shelving scheme | Damaged status | Not for loan | Collection code | Home library | Current library | Shelving location | Date acquired | Source of acquisition | Total Checkouts | Full call number | Barcode | Date last seen | Price effective from | Koha item type | Inventory number | Date last checked out |
|---|---|---|---|---|---|---|---|---|---|---|---|---|---|---|---|---|---|---|
| Dewey Decimal Classification | General | Biblioteca Karol Wojtyla | Biblioteca Karol Wojtyla | Sala general | 23/10/2017 | Compra | 2 | 180 BOL 1999 | 98475 | 21/08/2023 | 23/10/2017 | Libro | 151000000000000000062787 | 07/08/2023 | ||||
| Dewey Decimal Classification | General | Tehuacán | Tehuacán | Sala general | 11/07/2015 | Compra | 182 JEA 1999 | 509851 | 08/01/2025 | 11/07/2015 | Libro |